Spell the Marvel Character #112 - Statistics

General Stats
  • This quiz has been taken 23 times
  • The average score is 4 of 5
Answer Stats
Picture Answer % Correct
Wolverine
100%
Silver Surfer
94%
Adam Warlock
89%
Wasp
83%
Psylocke
72%
No matching quizzes found
Score Distribution
Percent of People with Each Score
Percentile by Number Answered
Your Score History
You have not taken this quiz